Appllied Animal Biotechnology/ (Record no. 187444)
[ view plain ]
| 000 -LEADER | |
|---|---|
| fixed length control field | 00604nam a22001817a 4500 |
| 005 - DATE AND TIME OF LATEST TRANSACTION | |
| control field | 20220419171844.0 |
| 010 ## - LCCN (DPL NO) | |
| LC control number | ENG-132328 |
| 020 ## - INTERNATIONAL STANDARD BOOK NUMBER | |
| International Standard Book Number | 9788189941291 |
| Terms of availability | 100.00 |
| 035 ## - SYSTEM CONTROL NUMBER | |
| System control number | EN-115860 |
| 037 ## - SOURCE OF ACQUISITION | |
| Source of stock number/acquisition | DBAD/PUB |
| 082 ## - DEWEY DECIMAL CLASSIFICATION NUMBER | |
| Classification number | 636.0821 |
| 100 ## - MAIN ENTRY--PERSONAL NAME | |
| Personal name | Kumaresan, V. |
| 245 ## - TITLE STATEMENT | |
| Title | Appllied Animal Biotechnology/ |
| Statement of responsibility, etc | V. Kumaresan |
| 260 ## - PUBLICATION, DISTRIBUTION, ETC. (IMPRINT) | |
| Place of publication, distribution, etc | Tamil Nadu |
| Name of publisher, distributor, etc | SaraS Publication |
| Date of publication, distribution, etc | 2008 |
| 270 ## - ADDRESS | |
| Address | 114/35G A.R.P. Camp Road, Periavilai, Kottar P.O. Nagercoil Kanyakumari Dist. |
| City | Tamil Nadu |
| Postal code | 629002 |
| Electronic mail address | info@saraspublication.com |
| 300 ## - PHYSICAL DESCRIPTION | |
| Extent | 285p. |
| Dimensions | 22cm(pbk) |
| 942 ## - ADDED ENTRY ELEMENTS (KOHA) | |
| Source of classification or shelving scheme | Dewey Decimal Classification |
| Item type | English Books |
| Classification part | 636.0821 |
| Call number suffix | KUM |
| Withdrawn status | Lost status | Not for loan | Collection code | Home library | Current library | Date acquired | Source of acquisition | Cost, normal purchase price | Full call number | Barcode | Copy number | Cost, replacement price | Koha item type |
|---|---|---|---|---|---|---|---|---|---|---|---|---|---|
| Non-fiction | Central Library | Central Library | 19/04/2022 | DBAD/PUB | 100.00 | 636.0821 KUM | EN-115860 | 1 | 100.00 | English Books |
